| 000 | 00655nam a2200181 a 4500 | ||
|---|---|---|---|
| 005 | 20140412111416.0 | ||
| 008 | 070813s19uu xx 00 eng d | ||
| 020 | _a0-590-54082-3 | ||
| 050 |
_aTR(PS E _bJu98 1996 |
||
| 100 | _aSlater, Teddy | ||
| 245 |
_aJust a minute! / _cTeddy Slater ; illustrated by Marilyn Mets ; math activities by Marilyn Burns. |
||
| 260 |
_aNew York : _bScholastic, _c1996. |
||
| 300 | _a1 v. (unpaged) | ||
| 440 | _aHello math reader. level 2 | ||
| 520 | _aA young boy learns how important it is to know just how long a minute is. Includes a section with related activities. | ||
| 650 |
_aTime _xfiction |
||
| 999 |
_c105827 _d105827 |
||